Prvok do prostredia pre deti

Salvato in:
Dettagli Bibliografici
Autore principale: Frátriková, Paulína (Autore)
Altri autori: Kotradyová, Veronika (Relatore della tesi)
Natura: Manoscritto Libro
Lingua:slovacco
Pubblicazione: 2025
Soggetti:
Accesso online:http://is.stuba.sk/zp/portal_zp.pl?podrobnosti=185098
Tags: Aggiungi Tag
Nessun Tag, puoi essere il primo ad aggiungerne!!

MARC

LEADER 00000ntm a22000003a 4500
001 stuzp104960
003 SK-STU
005 20250607211001.2
007 ta
008 150427s2015----xo-----f-mn---000-0-slo-d
040 |a STU  |b slo 
041 0 |a slo 
100 1 |a Frátriková, Paulína  |u 055150  |4 aut  |U FAD Fakulta architektúry a dizajnu  |T FAD Ústav interiéru a výstavníctva  |X 99345  |U A5150  |Y 396  |7 99345 
242 0 1 |a Element for children´s environment  |y eng 
245 1 0 |a Prvok do prostredia pre deti 
260 |c 2025 
650 4 |a production process  |2 eng 
650 4 |a multifunctionality  |2 eng 
650 4 |a child development  |2 eng 
650 4 |a motor skills  |2 eng 
650 4 |a multifunkčnosť  |2 slo 
650 4 |a motorika  |2 slo 
650 4 |a výrobný proces  |2 slo 
650 4 |a detský rozvoj  |2 slo 
700 1 |a Kotradyová, Veronika  |u 055150  |k Z1  |4 ths  |U FAD Fakulta architektúry a dizajnu  |T FAD Ústav interiéru a výstavníctva  |X 344  |U A5150  |Y 396  |7 A000000344 
856 4 |u http://is.stuba.sk/zp/portal_zp.pl?podrobnosti=185098